000 00840cab a2200241 4500
001 WB3444-43
008 090401t1998 xxu||||| |||| 00| 0 eng d
035 _a(Sirsi) u89835
041 _aeng
245 _aPlanning permission
260 _c1998
350 _a0
490 _aEstates Gazette Case Summaries
_v(1998) EGCS 152 (28/10/98) (1)
520 _aIn "R Taylor and others v SoS Environment and another", an application for outline planning permission for residential development, was refused. An appeal to the Secretary of State was dismissed.
650 _aLOCAL DEVELOPMENT PLANS
650 _aOUTLINE PLANNING APPLICATIONS
650 _aOUTLINE PLANNING PERMISSION
650 _aPLANNING PERMISSION
650 _aRESIDENTIAL DEVELOPMENT
690 _aPLANNING LAW AND PRACTICE
942 _n0
948 _c20/11/1998
999 _c56867
_d56867